Drake Discography - Statistics

General Stats
  • This quiz has been taken 921 times
    728 since last reset
  • The average score is 13 of 21
Answer Stats
Year Name Type % Correct
2011 Take Care Album
91%
2016 Views Album
89%
2018 Scorpion Album
87%
2021 Certified Lover Boy Album
85%
2022 Honestly, Nevermind Album
83%
2013 Nothing Was the Same Album
83%
2015 If You're Reading This It's Too Late Mixtape
73%
2015 What a Time to Be Alive Collaborative Mixtape
71%
2017 More Life Playlist
70%
2009 So Far Gone Mixtape
70%
2009 So Far Gone EP
70%
2010 Thank Me Later Album
70%
2019 Care Package Compilation
68%
2020 Dark Lane Demo Tapes Mixtape
68%
2018 Scary Hours EP
61%
2021 Scary Hours 2 EP
55%
2007 Comeback Season Mixtape
32%
2006 Room for Improvement Mixtape
27%
2019 The Best in the World Pack EP
21%
2014 Rise of an Empire Compilation
6%
2009 We Are Young Money Compilation
5%
No matching quizzes found
Score Distribution
Percent of People with Each Score
Percentile by Number Answered
Your Score History
You have not taken this quiz since the last reset